000 00639nam a2200277Ia 4500
005 20260324133837.0
008 008 260324s9999 xx 000 0 eng d
020 _a9780203039595
037 _aEBOOK
040 _aCRL
040 _beng
040 _cCRL
041 _2eng
041 _aeng
084 _qCRL
100 _aEdward Granville Browne
_91194604
245 2 _aA Year Amongst The Persians
260 _bTaylor and Francis
260 _c2002
365 _a
365 _b570
856 _uhttp://www.taylorfrancis.com/books/9780203039595
942 _cEBOOK
999 _c1794073
_d1794073